000 01411nam0a2200385 4500
001 RU\NLR\bibl\200145
005 20260406132755.0
010 _a5-17-004075-X
_98000
021 _aRU
_b2001-26271
_91246
035 _a(NLR Aleph) 000196519
090 _a1137889
_c1137889
100 _a20010831d2001 |||y0rusy50 ca
101 1 _arus
_ceng
102 _aRU
105 _aa |||||||||
200 1 _aРомео и Джульетта
_aСон в летнюю ночь
_aВенецианский купец
_aКороль Иоанн
_aРичард III
_e[пер. с англ.]
_fУильям Шекспир
_g[худож. И. И. Яхин]
210 _aМ.
_cАСТ
_d2001
215 _a668, [2] с.
_cил.
_d21
600 1 _aИоанн Безземельный
_cкороль англ.
600 1 _aРичард II
_cкороль англ.
610 0 _aДраматические произведения (х. л.)
675 _a821.111-2Шекспир
_v3
_zrus
686 _a17.82
_2rugasnti
686 _a84(4Вел)-6
_2rubbk
686 _aШ6(4Вл)437-62
700 1 _4070
_8rus
_7ca
_aШекспир
_bУ.
_f1564-1616
_gУильям
_3RU\NLR\AUTH\771995
_9112012
702 1 _aЯхин
_bИ. И.
_4040
801 0 _aRU
_bRKP
_c20010831
_gPSBO
801 1 _aRU
_bRKP
_c20010831
801 2 _aRU
_bNLR
_c20020130
_grcr
942 _cBOOK
980 _aNB